La madre de todas las aguas : historia de los cuatro rumbos ii - este /

Guardado en:
Autor Principal: Averbach, Márgara
Formato: Libro
Publicado: Buenos Aires : Sm, 2009
Series:El barco de vapor
Materias:
Etiquetas: Agregar Etiqueta
Sin Etiquetas, Sea el primero en etiquetar este registro!
LEADER 00809nam a22002655a 4500
001 CEM.cems018138
005 20140325135000.0
008 130507s2009##################000#0#####d
003 CEMS
020 |a 9789875730236 
082 0 4 |a A863.4 
100 1 |a Averbach, Márgara 
245 1 0 |a La madre de todas las aguas :  |b historia de los cuatro rumbos ii - este /  |c Márgara Averbach 
260 |a Buenos Aires :  |b  Sm,  |c 2009 
300 |a 272 p. 
490 0 |a El barco de vapor 
500 |a A partir de 12 años 
653 |a Literatura 
653 |a Literatura argentina 
653 |a Novelas 
653 |a Novela argentina 
653 |a Literatura juvenil 
653 |a Novela juvenil 
653 |a Ministerio de educació-colección literaria 
859 |a CEMS  |b BIB. CEMS - Agricultura  |h A863.4  |i Av35  |p A2127.14  |t Ej.1